|
|
|
|
| LEADER |
00886nam a22002171 4500 |
| 001 |
c000196735 |
| 003 |
CARM |
| 005 |
20021125001700.0 |
| 008 |
851003s1973 gw 0 ger d |
| 019 |
1 |
|
|a 3979038
|5 LACONCORD2021
|
| 035 |
|
|
|a (OCoLC)217050038
|5 LACONCORD2021
|
| 100 |
1 |
|
|a Wustling, Fritz.
|
| 245 |
1 |
0 |
|a Tiecks William Lovell :
|b ein Beitrag zur Geistesgeschichte des 18. Jahrhunderts.
|
| 260 |
|
|
|a Walluf b. Wiesbaden :
|b M.Sandig,
|c 1973.
|
| 440 |
|
0 |
|a Bausteine zur Geschichte der neueren deutschen Literatur ;
|v 7
|
| 500 |
|
|
|a Facsim. reprint of the 1912 ed.
|
| 600 |
1 |
0 |
|a Tieck, Ludwig,
|d 1773-1853.
|t William Lovell.
|
| 852 |
8 |
|
|b CARM
|h A2:AO02A0
|i B06595
|p 0305060
|f BK
|
| 082 |
0 |
4 |
|a 830.9
|
| 999 |
f |
f |
|i 3d1667e9-a606-5c3e-b5e7-25ab9393dec4
|s b6839d5e-8489-5582-8aba-a170d6aa263c
|
| 952 |
f |
f |
|p Can circulate
|a CAVAL
|b CAVAL
|c CAVAL
|d CARM 1 Store
|e B06595
|f A2:AO02A0
|h Other scheme
|i book
|m 0305060
|